000 00456cam a22001097a 4500
008 180718b1984 xxu||||| |||| 00| 0 eng d
082 _aY4x54 In2re
245 _aReport of the sub-group of the working group on forestry and soil and water conservation five year plan (1985-90) for soil and water conservation
_cby Ministry of Agriculture, India
260 _aDelhi
_bMinistry of Agriculture
_c1984
300 _a86+p.
700 _aIndia. Ministry of Agriculture
999 _c499646
_d499646